| 000 | 00803nam a22002057a 4500 | ||
|---|---|---|---|
| 003 | SEM | ||
| 999 |
_c48241 _d48241 |
||
| 005 | 20220608071540.0 | ||
| 008 | 201130b ||||| |||| 00| 0 arm d | ||
| 040 |
_aSEM _cSEM |
||
| 041 | _aarm. | ||
| 082 | _a235.2:281.62/Ն-61 | ||
| 245 | _aՆերբողեան յորդիս եւ ի թոռունս Սրբոյ Լուսաւորչին: / | ||
| 246 | _a[Ներբողյան որդիս և ի թոռունս Սրբո Լուսավորչին]: / | ||
| 260 |
_aՎենետիկ: _bտպ. Մխիթարեանց, _c1854. |
||
| 300 |
_a74 էջ; _c18 սմ |
||
| 440 |
_aՍոփերք հայկականք _vԺ |
||
| 650 |
_aՍրբեր _xհայ եկեղեցի |
||
| 856 |
_uhttp://greenstone.flib.sci.am/gsdl/collect/haygirq/book/nerboxean_jordis_index.html _yԿարդալ առցանց |
||
| 942 |
_2ddc _cBK |
||